C Programming Tutorial (Record no. 11122)

MARC details
000 -LEADER
fixed length control field 00414nam a22001337a 4500
008 - FIXED-LENGTH DATA ELEMENTS--GENERAL INFORMATION
fixed length control field 180920b ||||| |||| 00| 0 eng d
082 ## - DEWEY DECIMAL CLASSIFICATION NUMBER
Classification number 005.01
100 ## - MAIN ENTRY--PERSONAL NAME
Personal name Mohammad
9 (RLIN) 6889
245 ## - TITLE STATEMENT
Title C Programming Tutorial
Remainder of title 1 a - Compiler Installation
260 ## - PUBLICATION, DISTRIBUTION, ETC. (IMPRINT)
Place of publication, distribution, etc. YouTube
Name of publisher, distributor, etc. Mohammad
Date of publication, distribution, etc. 28 February 2010
300 ## - PHYSICAL DESCRIPTION
Extent C Programming Video Tutorial
856 ## - ELECTRONIC LOCATION AND ACCESS
Uniform Resource Identifier <a href="https://www.youtube.com/watch?v=otm9NaT9OWU">https://www.youtube.com/watch?v=otm9NaT9OWU</a>
942 ## - ADDED ENTRY ELEMENTS (KOHA)
Source of classification or shelving scheme Dewey Decimal Classification
Koha item type Reference
Holdings
Withdrawn status Lost status Source of classification or shelving scheme Damaged status Not for loan Home library Current library Shelving location Date acquired Total Checkouts Full call number Barcode Date last seen Uniform Resource Identifier Price effective from Koha item type
    Dewey Decimal Classification     Good Samaritan School Library Good Samaritan School Library Computer Science 09/20/2018   005.01 MOH151503 09/20/2018 https://www.youtube.com/watch?v=otm9NaT9OWU 09/20/2018 Reference

Powered by Koha